Maurice Bishop Int. Airport Destinations (St. George's, Grenada) - Statistics

General Stats
  • This quiz has been taken 36 times
    12 since last reset
  • The average score is 11 of 16
Answer Stats
Airline Destination % Correct
Delta Air Lines Atlanta
100%
British Airways London (Gatwick)
100%
Virgin Atlantic London (Heathrow)
100%
Air Canada/Sunwing Airlines/WestJet Toronto (Pearson)
100%
JetBlue New York (JFK)
92%
American Airlines Miami
83%
British Airways/Sunrise Airways Antigua
75%
JetBlue Boston
67%
American Airlines Charlotte
67%
Caribbean Airlines/InterCaribbean Airways/Virgin Atlantic Barbados
58%
British Airways St. Lucia (Hewanorra)
58%
Caribbean Airlines/InterCaribbean Airways Saint Vincent (Argyle)
50%
Caribbean Airlines Port of Spain
42%
Condor Frankfurt
33%
InterCaribbean Airways Georgetown (Cheddi Jagan)
25%
Liat20/Sunrise Airways Castries
8%
No matching quizzes found
Score Distribution
Percent of People with Each Score
Percentile by Number Answered
Your Score History
You have not taken this quiz since the last reset